Elenita de Dios santo. La violeta del santísimo sacramento

-д хадгалсан:
Номзүйн дэлгэрэнгүй
Үндсэн зохиолч: Scannell, J. A (Зохиогч)
Формат: Ном
Хэл сонгох:испани
Хэвлэсэн: Friburgo de Brisgovia Herder 1922
Хэвлэл:3a. ed
Нөхцлүүд:
Шошгууд: Шошго нэмэх
Шошго байхгүй, Энэхүү баримтыг шошголох эхний хүн болох!

MARC

LEADER 00000nam a2200000 a 4500
001 UCI4396
003 CL-VaPUC
008 080118e19220000GW |||||||||||||||||spa|d
082 0 4 |a 922.22  |b SCA  |2 21 
100 0 |a Scannell, J. A  |e author  |9 526297 
245 1 0 |a Elenita de Dios santo. La violeta del santísimo sacramento 
250 |a 3a. ed 
300 |a 92 p 
942 |c BK 
945 |d 20080118 00:00:00  |a rbrito 
260 |a Friburgo de Brisgovia  |b Herder  |c 1922 
500 |a Donación Padres Capuchinos 
600 0 7 |a SANTA ELENA  |2 CL-VaPUC  |9 526298 
650 0 |a Biografías  |9 255210 
650 0 |a Vida religiosa  |9 257284 
583 |a last modification  |c 20080118 00:00:00  |k Rodrigo Vera 
999 |c 328338  |d 328336 
952 |0 0  |1 0  |4 0  |6 922_220000000000000_SCA_1922  |7 0  |8 X  |9 412202  |a FDOBUD  |b FDOBUD  |d 2019-11-22  |i 4402685  |o 922.22 SCA 1922  |p 4402685  |r 2019-11-22  |w 2019-11-22  |y BK_X  |k BUD